[Event "Stepan Avagyan Memorial 2020"]
[Site "Jermuk"]
[Date "2020.07.14"]
[Round "9.4"]
[White "Shahinyan, David"]
[Black "Harutyunian, Tigran K."]
[Result "0-1"]
[WhiteElo "2456"]
[BlackElo "2551"]
[Annotator "TA"]
[PlyCount "126"]
[EventDate "2020.07.05"]
[EventType "tourn"]
[EventCountry "ARM"]
[SourceTitle "playchess.com"]
[Source "ChessBase"]
[SourceQuality "1"]

{[%evp 10,126,-6,0,0,-4,-3,-15,13,-8,-20,-42,-41,-46,-7,-12,0,13,-3,-92,-44,-50,-50,-79,-92,-109,-110,-89,-89,-58,-56,-103,-87,-104,-96,-164,-177,-269,-171,-196,-69,-79,-62,-68,-67,-62,-61,-99,-104,-76,-93,-85,-88,-88,-34,-16,-24,-86,-8,-8,-8,-8,-7,-17,-8,-193,0,0,0,0,0,-8,-8,-66,-78,-204,-183,-194,-41,-194,-193,-186,-167,-175,-156,-332,-330,-335,-340,-329,-311,-352,-353,-425,-438,-702,-698,-771,-750,-686,-639,-596,-519,-888,-806,-29959,-29959,-29964,-29965,-29965,-29965,-29973,-29979,-29979,-29980,-29980,-29981,-29981,-29982]} 1. e4 c5 2. Be2 Nc6 3. f4 g6 4. Nf3 Bg7 5. O-O d6 6. d3 e6 {B21: Sicilian: 2 f4 and Morra Gambit.} 7. c3 Nge7 8. Na3 Rb8 $5 {[%mdl 4] The position is equal. An interesting side line.} 9. Qe1 {[#]} b5 $146 {[%cal Bb7b5,Bb5b4][%mdl 32]} ({Predecessor:} 9... O-O 10. Nc2 b5 11. Ne3 b4 12. g4 f5 13. exf5 gxf5 14. g5 bxc3 15. bxc3 d5 {0-1 (41) Doluhanova,E (2312)-Petrosyan,M (1920) Yerevan 2010}) 10. e5 O-O 11. Qf2 Nf5 12. g4 Nfe7 13. exd6 Qxd6 14. Ng5 (14. Be3 $11) 14... b4 15. Nc4 Qc7 16. f5 exf5 17. Bf4 Qd8 18. Bxb8 {aiming for Bd6.} Nxb8 19. gxf5 Bxf5 20. Rac1 bxc3 21. bxc3 {[#]} Nd5 $1 {[%mdl 64] Discovered Attack} 22. Ne4 (22. Qg3 $17 Nxc3 23. Rxc3 Qd4+ 24. Ne3 Qxc3 25. Nxf5 gxf5 26. Rxf5) 22... Nxc3 $19 23. Kh1 (23. Nxc3 $142 Bd4 24. Ne3 Qg5+ {[%mdl 64] Double Attack} 25. Kh1 Bxe3 26. Rg1 Qxg1+ 27. Kxg1 Bxf2+ 28. Kxf2) 23... Nxa2 ({Weaker is} 23... Nxe4 24. dxe4 Bxe4+ 25. Bf3 $17) 24. Rb1 Nc3 (24... Bh3 $19 25. Rfe1 Bd4) 25. Nxc3 $15 Bxc3 26. Qxc5 Bd4 27. Qd6 Be6 28. Bf3 Qxd6 29. Nxd6 Nd7 30. Nb5 {[#]} Bb6 $1 31. d4 a6 (31... Nf6 $17 32. Rfc1 Nd5) 32. Nd6 $1 Bxd4 {Threatens to win with ...Ne5.} 33. Rfd1 (33. Rbd1 $1 $11 Bc5 34. Bd5) 33... Be3 ({Black should play} 33... Be5 $17 34. Kg2 Nf6) 34. Bd5 $11 {Strongly threatening Bxe6.} Nc5 35. Bxe6 Nxe6 36. Rb7 Rd8 {And now ...Bf4 would win.} 37. Re1 $2 (37. Re7 $11) 37... Rxd6 $2 ({Better is} 37... Bd2 $19 38. Nxf7 Bxe1 39. Nxd8 Nxd8) 38. Rxe3 $19 {[%mdl 4096] Endgame KRR-KRN} Rd1+ 39. Kg2 Rd2+ 40. Kg3 Nd4 {...Nf5+ is the strong threat.} 41. Ra3 (41. Kh3 $11) 41... h5 $15 42. Rxa6 (42. h3 $17) 42... Nf5+ $19 43. Kf4 Kg7 $2 (43... Rxh2 $19 44. Rf6 Rf2+ 45. Ke5 Re2+ 46. Kf4 Ne7) 44. h3 $2 (44. Raa7 $1 $15 Rf2+ 45. Ke5) 44... Rd3 45. Rb5 Nh6 ({Don't play} 45... Rxh3 46. Rxf5 gxf5 47. Kxf5 $17) 46. Rb1 Rxh3 47. Rg1 $2 (47. Ra5 $17) 47... Rb3 48. Ra5 Rb4+ 49. Kf3 {intending Rxh5.} Ng4 50. Kg3 f6 51. Rc1 g5 52. Rac5 (52. Rc3 $142 h4+ 53. Kh3) 52... Ne5 53. Rc8 h4+ 54. Kh3 Rd4 55. R1c3 Ng6 56. R3c7+ (56. Rc1 $142 g4+ 57. Kg2) 56... Kh6 57. Rg8 g4+ {Black mates.} 58. Kh2 Rd2+ 59. Kg1 g3 60. Rc4 h3 {[%cal Rd2d1]} 61. Rxg6+ Kxg6 {[%cal Rd2d1]} 62. Rg4+ Kf5 {[%cal Rd2d1]} 63. Rxg3 {[#]} Rg2+ $1 {Accuracy: White = 51%, Black = 75%.} 0-1

[Event "Stepan Avagyan Memorial 2020"]
[Site "Jermuk"]
[Date "2020.07.14"]
[Round "9.5"]
[White "Davtyan, Artur"]
[Black "Petrosyan, Manuel"]
[Result "0-1"]
[WhiteElo "2461"]
[BlackElo "2607"]
[Annotator "TA"]
[PlyCount "153"]
[EventDate "2020.07.05"]
[EventType "tourn"]
[EventCountry "ARM"]
[SourceTitle "playchess.com"]
[Source "ChessBase"]
[SourceQuality "1"]

{[%evp 22,153,30,9,25,5,1,2,1,4,21,8,7,3,14,7,9,0,0,0,0,0,0,0,0,0,0,4,12,4,5,6,8,0,0,0,0,0,0,0,0,0,8,0,0,0,0,0,0,0,0,0,0,0,0,0,0,0,0,0,0,0,0,0,0,0,0,0,0,0,0,0,0,0,0,0,0,0,0,0,0,0,0,0,0,0,0,0,0,0,0,0,0,0,0,-12850,0,0,0,0,0,0,0,0,0,0,0,0,0,0,0,0,0,0,0,-33,0,-12841,-12841,-12848,-12848,-12849,-12849,-12850,-12850,-12850,-27999,-27997,-27997,-27994,-27997,-27998,-27998,-27994]} 1. d4 Nf6 2. c4 e6 3. Nf3 d5 4. Nc3 Bb4 5. Bg5 h6 6. Bxf6 Qxf6 7. Qb3 c5 8. cxd5 exd5 9. dxc5 Bxc3+ 10. Qxc3 Qxc3+ 11. bxc3 O-O 12. e3 Nd7 {D38: Queen's Gambit Declined: Ragozin Defence (4 Nf3 Bb4).} 13. Rd1 Nf6 {is cutting edge theory.} 14. c4 Be6 {The position is equal.} 15. Nd4 Rac8 16. Nxe6 fxe6 17. cxd5 exd5 18. Bd3 Rxc5 19. O-O Rfc8 20. Rd2 Kf7 21. f3 b5 22. Rb2 a6 23. Kf2 Ne8 24. a4 {[%cal Ra4b5]} bxa4 25. Ra1 Ra5 26. Rba2 Rcc5 27. Rxa4 Rxa4 28. Rxa4 $11 {[%mdl 4096] Endgame KRB-KRN} a5 29. h4 Nf6 30. Ke2 Ke6 31. Kd2 Kd6 32. Ke2 Kc6 33. g4 Nd7 34. g5 hxg5 35. hxg5 Nb6 36. Ra2 d4 37. Be4+ Kd6 38. Rd2 Rxg5 39. Rxd4+ Kc5 40. f4 Rg1 41. Bc2 Rc1 42. Kd3 Ra1 43. f5 a4 44. Rg4 Ra3+ 45. Ke2 Nc4 {Hoping for ...Ra2.} 46. Rxg7 Rxe3+ 47. Kf2 a3 {aiming for ...a2.} 48. f6 Re6 49. Rg5+ Kb6 50. Bb3 Rxf6+ 51. Ke2 Nd6 52. Rg4 Nb5 53. Rc4 Rh6 {White must now prevent ...Rh3.} 54. Kd3 Rh2 55. Rc2 Rh3+ 56. Kc4 Ka5 57. Ba2 Ka4 58. Kc5 $2 {[%mdl 8192] [#]} (58. Rc1 $11) 58... Rh5+ $2 (58... Rc3+ $1 $19 59. Rxc3 Nxc3) 59. Kb6 {[%cal Rc2c4]} Rh4 {Strongly threatening ...Kb4.} (59... Nc3 {feels hotter.} 60. Rxc3) 60. Kc5 Ka5 (60... Nd4 {looks sharper.} 61. Rc3 Rh5+ 62. Kxd4) 61. Bf7 Rb4 62. Ba2 Rg4 63. Be6 Rg6 (63... Rg7 {is interesting.} 64. Kc4 Ka4 65. Rh2 Rg3 66. Rc2 Re3) 64. Ba2 Rg5+ 65. Kc4 Rg7 66. Kd3 Rd7+ 67. Kc4 Rd8 68. Bb3 Nd6+ 69. Kd3 $2 {[%mdl 8192]} (69. Kc3 $11) 69... Kb4 $19 70. Be6 Nb5+ 71. Ke4 Re8 72. Rc4+ Kb3 73. Rc6+ {[#]} Rxe6+ $1 {[%mdl 576] Promotion} 74. Rxe6 {Black mates.} a2 75. Rb6 Kb4 76. Ra6 Na3 77. Kd4 {Accuracy: White = 95%, Black = 97%.} 0-1